On the origin of evolution : tracing Darwin's dangerous idea' from Aristotle to DNA (Record no. 82113)
[ view plain ]
| 000 -LEADER | |
|---|---|
| fixed length control field | 00807nam a22002537a 4500 |
| 003 - CONTROL NUMBER IDENTIFIER | |
| control field | CBULib |
| 005 - DATE AND TIME OF LATEST TRANSACTION | |
| control field | 20240906083247.0 |
| 008 - FIXED-LENGTH DATA ELEMENTS--GENERAL INFORMATION | |
| fixed length control field | 230913b |||||||| |||| 00| 0 eng d |
| 020 ## - INTERNATIONAL STANDARD BOOK NUMBER | |
| International Standard Book Number | 9780008333409 |
| 040 ## - CATALOGING SOURCE | |
| Language of cataloging | English |
| Transcribing agency | CBULib |
| Description conventions | rda |
| 041 ## - LANGUAGE CODE | |
| Language code of text/sound track or separate title | eng |
| 050 ## - LIBRARY OF CONGRESS CALL NUMBER | |
| Classification number | QH 375 Gri |
| 100 ## - MAIN ENTRY--PERSONAL NAME | |
| 9 (RLIN) | 729 |
| Personal name | Gribbin, John |
| 245 ## - TITLE STATEMENT | |
| Title | On the origin of evolution : tracing Darwin's dangerous idea' from Aristotle to DNA |
| Statement of responsibility, etc | /John Gribbin; Mary Gribbin |
| 260 ## - PUBLICATION, DISTRIBUTION, ETC. (IMPRINT) | |
| Place of publication, distribution, etc | London : |
| Name of publisher, distributor, etc | William Collins, |
| Date of publication, distribution, etc | 2020 |
| 300 ## - PHYSICAL DESCRIPTION | |
| Extent | xv,288 pages |
| 336 ## - CONTENT TYPE | |
| Source | rdacontent |
| Content type term | Text | |
| Content type code | txt |
| 337 ## - MEDIA TYPE | |
| Source | rdamedia |
| Media type term | Unmediated | |
| Media type code | n |
| 338 ## - CARRIER TYPE | |
| Source | rdacarrier |
| Carrier type term | Volume |
| Carrier type code | nc |
| 650 #0 - SUBJECT ADDED ENTRY--TOPICAL TERM | |
| Source of heading or term | Library of congress |
| 9 (RLIN) | 731 |
| Topical term or geographic name as entry element | NATURAL SELECTION |
| 650 #0 - SUBJECT ADDED ENTRY--TOPICAL TERM | |
| Topical term or geographic name as entry element | EVOLUTION (BIOLOGY)--PHILOSOPHY |
| 9 (RLIN) | 733 |
| 700 ## - ADDED ENTRY--PERSONAL NAME | |
| 9 (RLIN) | 734 |
| Personal name | Gribbin, Mary |
| 942 ## - ADDED ENTRY ELEMENTS (KOHA) | |
| Source of classification or shelving scheme | |
| Koha item type | MONOGRAPH |
| Withdrawn status | Lost status | Source of classification or shelving scheme | Damaged status | Not for loan | Collection code | Permanent Location | Current Location | Shelving location | Date acquired | Source of acquisition | Cost, normal purchase price | Total Checkouts | Full call number | Barcode | Date last seen | Copy number | Price effective from | Koha item type |
|---|---|---|---|---|---|---|---|---|---|---|---|---|---|---|---|---|---|---|
| Mpika Library Collection | CBU-MPIKA LIBRARY, MPIKA CAMPUS. | CBU-MAIN LIBRARY, KITWE. | General Stacks | 09/13/2023 | DON-BOOKAID | 15.00 | QH 375 Gri | 752207 | 09/13/2023 | 1 | 09/13/2023 | MONOGRAPH | ||||||
| Mpika Library Collection | CBU-MPIKA LIBRARY, MPIKA CAMPUS. | CBU-MAIN LIBRARY, KITWE. | General Stacks | 09/13/2023 | DON-BOOKAID | 15.00 | QH 375 Gri | 752210 | 09/13/2023 | 2 | 09/13/2023 | MONOGRAPH | ||||||
| Main Library Open Access Collection | CBU-MAIN LIBRARY, KITWE. | CBU-MAIN LIBRARY, KITWE. | General Stacks | 10/16/2023 | DON-BOOKAID | 15.00 | QH 375 Gri | 752209 | 10/16/2023 | 3 | 10/16/2023 | MONOGRAPH | ||||||
| CBU-Lusaka Campus | CBU- LUSAKA CAMPUS | CBU-MAIN LIBRARY, KITWE. | General Stacks | 09/06/2024 | DON-BOOKAID | 15.00 | QH 375 Gri | 752208 | 09/06/2024 | 4 | 09/06/2024 | MONOGRAPH |